[Event "Team men PL"]
[Site "Sochi"]
[Date "2020.11.28"]
[Round "9.24"]
[White "Frolov, Aleksey G."]
[Black "Faizrakhmanov, Ramil"]
[Result "0-1"]
[BlackElo "2450"]
[WhiteElo "2025"]
[LiveChessVersion "1.4.8"]

1.e4 {[%clk 1:30:57]} c6 {[%clk 1:30:48]} 2.d4 {[%clk 1:31:22]}
d5 {[%clk 1:31:10]} 3.e5 {[%clk 1:31:21]} Bf5 {[%clk 1:31:13]}
4.Nd2 {[%clk 1:31:32]} e6 {[%clk 1:31:24]} 5.Nb3 {[%clk 1:31:52]}
Nd7 {[%clk 1:30:54]} 6.Nf3 {[%clk 1:32:09]} c5 {[%clk 1:26:55]}
7.dxc5 {[%clk 1:32:00]} Bxc5 {[%clk 1:27:12]} 8.Nxc5 {[%clk 1:31:27]}
Nxc5 {[%clk 1:27:35]} 9.Be3 {[%clk 1:29:10]} Nd7 {[%clk 1:27:05]}
10.Nd4 {[%clk 1:27:10]} Ne7 {[%clk 1:26:26]} 11.f4 {[%clk 1:27:20]}
Be4 {[%clk 1:24:10]} 12.Be2 {[%clk 1:17:35]} Bxg2 {[%clk 1:18:30]}
13.Rg1 {[%clk 1:17:26]} Be4 {[%clk 1:18:37]} 14.c3 {[%clk 1:03:48]}
O-O {[%clk 1:16:22]} 15.Bf2 {[%clk 1:02:35]} Ng6 {[%clk 1:14:23]}
16.Qd2 {[%clk 1:00:39]} a6 {[%clk 1:13:47]} 17.Qe3 {[%clk 0:50:30]}
Kh8 {[%clk 1:11:16]} 18.h4 {[%clk 0:46:49]} Nxh4 {[%clk 1:08:28]}
19.O-O-O {[%clk 0:43:48]} Rc8 {[%clk 1:06:08]} 20.Rg5 {[%clk 0:38:31]}
Nf5 {[%clk 0:57:38]} 21.Nxf5 {[%clk 0:38:45]} exf5 {[%clk 0:55:04]}
22.Rh5 {[%clk 0:35:58]} Rc6 {[%clk 0:52:59]} 23.Qh3 {[%clk 0:34:15]}
h6 {[%clk 0:52:59]} 24.Bd4 {[%clk 0:31:47]} Qe7 {[%clk 0:51:28]}
25.e6 {[%clk 0:26:37]} Qxe6 {[%clk 0:51:00]} 26.Rg1 {[%clk 0:25:52]}
Rg8 {[%clk 0:50:28]} 27.Rhg5 {[%clk 0:15:59]} f6 {[%clk 0:50:19]}
28.Rh5 {[%clk 0:15:36]} Kh7 {[%clk 0:47:58]} 29.Rg3 {[%clk 0:12:51]}
Nf8 {[%clk 0:47:08]} 30.Qh2 {[%clk 0:11:59]} Qe8 {[%clk 0:40:39]}
31.Kd2 {[%clk 0:09:40]} Re6 {[%clk 0:39:57]} 32.b3 {[%clk 0:07:16]}
Qe7 {[%clk 0:34:04]} 33.b4 {[%clk 0:06:02]} Qe8 {[%clk 0:32:14]}
34.Bd1 {[%clk 0:06:18]} a5 {[%clk 0:32:18]} 35.Qg1 {[%clk 0:06:27]}
Ng6 {[%clk 0:31:53]} 36.Rh2 {[%clk 0:05:18]} Nxf4 {[%clk 0:31:16]}
37.Be3 {[%clk 0:05:01]} Ng6 {[%clk 0:30:54]} 38.Bh5 {[%clk 0:04:34]}
f4 {[%clk 0:30:52]} 39.Bxf4 {[%clk 0:02:59]} axb4 {[%clk 0:31:02]}
40.Bxg6+ {[%clk 0:31:55]} Bxg6 {[%clk 1:01:09]} 41.cxb4 {[%clk 0:31:03]}
Qa4 {[%clk 0:59:33]} 42.Rxg6 {[%clk 0:30:14]} Qxb4+ {[%clk 0:59:52]} 0-1

[Event "Team men PL"]
[Site "Sochi"]
[Date "2020.11.28"]
[Round "9.25"]
[White "Demchenko, Anton"]
[Black "Dubov, Daniil"]
[Result "1/2-1/2"]
[BlackElo "2699"]
[WhiteElo "2626"]
[LiveChessVersion "1.4.8"]

1.d4 {[%clk 1:30:55]} Nf6 {[%clk 1:30:46]} 2.Nf3 {[%clk 1:31:19]}
d5 {[%clk 1:31:07]} 3.Bf4 {[%clk 1:31:43]} c5 {[%clk 1:31:26]}
4.e3 {[%clk 1:32:06]} Nc6 {[%clk 1:31:41]} 5.Nbd2 {[%clk 1:32:30]}
Bg4 {[%clk 1:31:05]} 6.c3 {[%clk 1:32:43]} Nh5 {[%clk 1:31:07]}
7.Bg5 {[%clk 1:11:33]} h6 {[%clk 1:30:18]} 8.Bh4 {[%clk 1:11:58]}
cxd4 {[%clk 1:30:14]} 9.exd4 {[%clk 1:07:58]} g5 {[%clk 1:30:14]}
10.Bg3 {[%clk 1:07:45]} Nxg3 {[%clk 1:30:11]} 11.hxg3 {[%clk 1:08:07]}
Qc7 {[%clk 1:29:37]} 12.Be2 {[%clk 1:05:18]} Bg7 {[%clk 1:29:06]}
13.Nf1 {[%clk 1:00:32]} Bd7 {[%clk 1:27:39]} 14.Ne3 {[%clk 1:00:09]}
e6 {[%clk 1:28:07]} 15.Kf1 {[%clk 0:53:13]} f5 {[%clk 1:23:52]}
16.Nc2 {[%clk 0:49:30]} Qb6 {[%clk 1:18:13]} 17.Rb1 {[%clk 0:48:12]}
O-O-O {[%clk 1:16:03]} 18.b4 {[%clk 0:47:00]} Kb8 {[%clk 1:13:30]}
19.Nd2 {[%clk 0:33:48]} e5 {[%clk 1:07:01]} 20.Nb3 {[%clk 0:33:53]}
Rhe8 {[%clk 0:51:31]} 21.Nc5 {[%clk 0:33:34]} Bc8 {[%clk 0:50:27]}
22.a4 {[%clk 0:33:31]} Qc7 {[%clk 0:47:34]} 23.a5 {[%clk 0:31:05]}
Re7 {[%clk 0:46:48]} 24.Bb5 {[%clk 0:27:30]} exd4 {[%clk 0:43:51]}
25.cxd4 {[%clk 0:21:29]} b6 {[%clk 0:38:50]} 26.axb6 {[%clk 0:20:31]}
axb6 {[%clk 0:39:11]} 27.Bxc6 {[%clk 0:19:10]} Qxc6 {[%clk 0:39:22]}
28.b5 {[%clk 0:19:35]} Qf6 {[%clk 0:32:04]} 29.Nb4 {[%clk 0:19:01]}
Rd6 {[%clk 0:30:59]} 30.Nc6+ {[%clk 0:18:22]} Rxc6 {[%clk 0:30:51]}
31.bxc6 {[%clk 0:18:46]} Qxd4 {[%clk 0:29:52]} 32.Nd7+ {[%clk 0:15:58]}
Kc7 {[%clk 0:30:13]} 33.Qxd4 {[%clk 0:16:13]} Bxd4 {[%clk 0:30:32]}
34.Rxh6 {[%clk 0:16:39]} g4 {[%clk 0:20:06]} 35.Rd1 {[%clk 0:10:46]}
Bg7 {[%clk 0:17:52]} 36.Rg6 {[%clk 0:10:12]} Bc3 {[%clk 0:15:42]}
37.f4 {[%clk 0:06:59]} gxf3 {[%clk 0:14:22]} 38.gxf3 {[%clk 0:04:58]}
d4 {[%clk 0:14:19]} 39.Kf2 {[%clk 0:04:30]} Ba6 {[%clk 0:13:26]}
40.Nxb6 {[%clk 0:33:30]} Kxb6 {[%clk 0:39:57]} 41.c7+ {[%clk 0:33:45]}
Kb5 {[%clk 0:37:27]} 42.Rxa6 {[%clk 0:21:30]} Rxc7 {[%clk 0:37:40]}
43.Rf6 {[%clk 0:20:42]} Rc5 {[%clk 0:35:51]} 44.g4 {[%clk 0:20:50]}
fxg4 {[%clk 0:34:56]} 45.fxg4 {[%clk 0:21:20]} Kc4 {[%clk 0:34:13]}
46.Rf3 {[%clk 0:16:53]} Rd5 {[%clk 0:32:02]} 47.Rfd3 {[%clk 0:16:12]}
Rg5 {[%clk 0:31:42]} 48.Kg3 {[%clk 0:16:08]} Rg8 {[%clk 0:31:58]}
49.Rf3 {[%clk 0:16:19]} Rd8 {[%clk 0:31:19]} 50.Rfd3 {[%clk 0:14:35]}
Rg8 {[%clk 0:30:42]} 51.Kf4 {[%clk 0:14:52]} Rf8+ {[%clk 0:28:09]}
52.Kg5 {[%clk 0:14:38]} Rg8+ {[%clk 0:28:30]} 53.Kf5 {[%clk 0:14:23]}
Rf8+ {[%clk 0:28:58]} 54.Ke4 {[%clk 0:10:00]} Re8+ {[%clk 0:28:53]}
55.Kf3 {[%clk 0:10:29]} Rf8+ {[%clk 0:27:00]} 56.Kg2 {[%clk 0:10:55]}
Rg8 {[%clk 0:26:33]} 57.Rg3 {[%clk 0:10:20]} Kb4 {[%clk 0:22:38]}
58.g5 {[%clk 0:10:23]} Kb3 {[%clk 0:22:52]} 59.Rdd3 {[%clk 0:07:40]}
Kc2 {[%clk 0:22:19]} 60.Kf2 {[%clk 0:05:43]} Re8 {[%clk 0:19:49]}
61.Kf1 {[%clk 0:05:39]} Rf8+ {[%clk 0:19:00]} 62.Rdf3 {[%clk 0:04:50]}
Rxf3+ {[%clk 0:18:19]} 63.Rxf3 {[%clk 0:05:20]} d3 {[%clk 0:18:41]}
64.Rxd3 {[%clk 0:05:13]} Kxd3 {[%clk 0:19:08]} 65.g6 {[%clk 0:05:39]}
Ke4 {[%clk 0:19:36]} 66.g7 {[%clk 0:06:05]} Bxg7 {[%clk 0:19:59]} 1/2-1/2

[Event "Team men PL"]
[Site "Sochi"]
[Date "2020.11.28"]
[Round "9.26"]
[White "Riazantsev, Alexander"]
[Black "Alekseev, Evgeny"]
[Result "1/2-1/2"]
[BlackElo "2615"]
[WhiteElo "2628"]
[LiveChessVersion "1.4.8"]

1.d4 {[%clk 1:30:57]} Nf6 {[%clk 1:30:47]} 2.c4 {[%clk 1:31:20]}
e6 {[%clk 1:30:56]} 3.Nf3 {[%clk 1:31:29]} b6 {[%clk 1:30:08]}
4.a3 {[%clk 1:30:00]} Ba6 {[%clk 1:26:37]} 5.Qc2 {[%clk 1:29:53]}
Bb7 {[%clk 1:25:58]} 6.Nc3 {[%clk 1:30:16]} c5 {[%clk 1:25:52]}
7.e4 {[%clk 1:30:40]} cxd4 {[%clk 1:24:43]} 8.Nxd4 {[%clk 1:30:48]}
Bc5 {[%clk 1:24:13]} 9.Nb3 {[%clk 1:30:18]} Nc6 {[%clk 1:22:52]}
10.f3 {[%clk 1:29:02]} O-O {[%clk 1:11:06]} 11.Nxc5 {[%clk 1:27:33]}
bxc5 {[%clk 1:11:25]} 12.Be3 {[%clk 1:27:58]} d6 {[%clk 1:06:06]}
13.Bd3 {[%clk 1:26:05]} Nd7 {[%clk 1:02:26]} 14.f4 {[%clk 1:16:21]}
Rb8 {[%clk 0:44:17]} 15.O-O {[%clk 1:14:37]} e5 {[%clk 0:41:39]}
16.f5 {[%clk 0:59:54]} Nd4 {[%clk 0:41:40]} 17.Qd1 {[%clk 1:00:19]}
Bc6 {[%clk 0:37:29]} 18.Rb1 {[%clk 0:57:31]} Qa5 {[%clk 0:35:47]}
19.Bd2 {[%clk 0:32:42]} Qb6 {[%clk 0:30:48]} 20.Kh1 {[%clk 0:24:51]}
Qb3 {[%clk 0:28:28]} 21.Qh5 {[%clk 0:17:55]} f6 {[%clk 0:27:04]}
22.g4 {[%clk 0:15:55]} Nb6 {[%clk 0:22:36]} 23.g5 {[%clk 0:15:33]}
fxg5 {[%clk 0:22:50]} 24.f6 {[%clk 0:13:43]} g6 {[%clk 0:14:59]}
25.Qxg5 {[%clk 0:11:17]} Nxc4 {[%clk 0:13:18]} 26.f7+ {[%clk 0:09:04]}
Rxf7 {[%clk 0:13:43]} 27.Rxf7 {[%clk 0:09:27]} Kxf7 {[%clk 0:13:29]}
28.Rf1+ {[%clk 0:09:51]} Kg8 {[%clk 0:13:55]} 29.Bc1 {[%clk 0:08:41]}
Nb6 {[%clk 0:11:59]} 30.Qe7 {[%clk 0:03:10]} Qe6 {[%clk 0:11:20]}
31.Qc7 {[%clk 0:03:14]} Rc8 {[%clk 0:09:30]} 32.Qxa7 {[%clk 0:02:16]}
c4 {[%clk 0:09:31]} 33.Bh6 {[%clk 0:00:34]} Qd7 {[%clk 0:06:24]}
34.Qxd7 {[%clk 0:00:38]} Bxd7 {[%clk 0:06:49]} 35.Nd5 {[%clk 0:00:43]}
Nxd5 {[%clk 0:04:55]} 36.Bxc4 {[%clk 0:01:12]} Be6 {[%clk 0:04:44]}
37.Bxd5 {[%clk 0:00:36]} Bxd5 {[%clk 0:05:07]} 38.exd5 {[%clk 0:01:06]}
Nf5 {[%clk 0:05:27]} 39.Bg5 {[%clk 0:00:59]} h6 {[%clk 0:03:07]}
40.Bd2 {[%clk 0:30:40]} Rc2 {[%clk 0:32:28]} 41.Bc3 {[%clk 0:27:53]}
Ne3 {[%clk 0:29:49]} 42.Rg1 {[%clk 0:27:22]} Kf7 {[%clk 0:26:52]}
43.Bb4 {[%clk 0:24:44]} Nxd5 {[%clk 0:26:09]} 44.Bxd6 {[%clk 0:25:06]}
Rxb2 {[%clk 0:26:26]} 1/2-1/2

[Event "Team men PL"]
[Site "Sochi"]
[Date "2020.11.28"]
[Round "9.27"]
[White "Kokarev, Dmitry"]
[Black "Paravyan, David"]
[Result "1-0"]
[BlackElo "2654"]
[WhiteElo "2621"]
[LiveChessVersion "1.4.8"]

1.e4 {[%clk 1:30:54]} c5 {[%clk 1:30:53]} 2.Nf3 {[%clk 1:31:17]}
Nc6 {[%clk 1:31:18]} 3.d4 {[%clk 1:31:35]} cxd4 {[%clk 1:31:44]}
4.Nxd4 {[%clk 1:31:59]} Nf6 {[%clk 1:32:10]} 5.Nc3 {[%clk 1:32:18]}
e5 {[%clk 1:32:35]} 6.Ndb5 {[%clk 1:32:32]} d6 {[%clk 1:32:59]}
7.Bg5 {[%clk 1:32:50]} a6 {[%clk 1:33:25]} 8.Na3 {[%clk 1:33:09]}
b5 {[%clk 1:33:50]} 9.Nd5 {[%clk 1:33:26]} Be7 {[%clk 1:34:15]}
10.Bxf6 {[%clk 1:33:41]} Bxf6 {[%clk 1:34:39]} 11.c4 {[%clk 1:33:55]}
b4 {[%clk 1:34:49]} 12.Nc2 {[%clk 1:34:17]} a5 {[%clk 1:35:15]}
13.g3 {[%clk 1:33:59]} h5 {[%clk 1:35:24]} 14.Bg2 {[%clk 1:29:05]}
h4 {[%clk 1:35:07]} 15.Qd3 {[%clk 1:28:50]} g6 {[%clk 1:15:27]}
16.O-O {[%clk 1:20:21]} Bg7 {[%clk 1:15:35]} 17.Rfd1 {[%clk 1:19:17]}
h3 {[%clk 0:58:12]} 18.Bh1 {[%clk 1:17:48]} O-O {[%clk 0:55:32]}
19.Nde3 {[%clk 1:13:19]} Be6 {[%clk 0:54:30]} 20.Bf3 {[%clk 0:55:22]}
Qc8 {[%clk 0:38:20]} 21.b3 {[%clk 0:42:08]} Kh8 {[%clk 0:29:03]}
22.Rd2 {[%clk 0:36:25]} f5 {[%clk 0:19:25]} 23.exf5 {[%clk 0:34:49]}
gxf5 {[%clk 0:19:51]} 24.Bxc6 {[%clk 0:35:10]} Qxc6 {[%clk 0:20:18]}
25.Qxd6 {[%clk 0:35:31]} Qe8 {[%clk 0:20:25]} 26.Re1 {[%clk 0:23:16]}
Qf7 {[%clk 0:18:45]} 27.Qc6 {[%clk 0:20:36]} f4 {[%clk 0:17:04]}
28.Nf1 {[%clk 0:19:24]} Bf5 {[%clk 0:17:05]} 29.Red1 {[%clk 0:16:00]}
Qh5 {[%clk 0:15:33]} 30.Ne1 {[%clk 0:14:58]} Rac8 {[%clk 0:13:47]}
31.Qb7 {[%clk 0:14:37]} Qg4 {[%clk 0:08:36]} 32.f3 {[%clk 0:09:20]}
Qg5 {[%clk 0:09:03]} 33.Rf2 {[%clk 0:08:10]} Rce8 {[%clk 0:07:22]}
34.Qc7 {[%clk 0:07:42]} Qg6 {[%clk 0:02:40]} 35.Rd6 {[%clk 0:06:27]}
Re6 {[%clk 0:03:07]} 36.Rxe6 {[%clk 0:05:08]} Qxe6 {[%clk 0:03:30]}
37.Rd2 {[%clk 0:04:47]} Rc8 {[%clk 0:01:10]} 38.Rd8+ {[%clk 0:04:26]}
Rxd8 {[%clk 0:01:04]} 39.Qxd8+ {[%clk 0:04:51]} Kh7 {[%clk 0:01:31]}
40.Kf2 {[%clk 0:33:38]} a4 {[%clk 0:30:31]} 41.Nd3 {[%clk 0:27:02]}
Qc6 {[%clk 0:17:12]} 42.Ke2 {[%clk 0:23:15]} Be4 {[%clk 0:04:40]}
43.Nxe5 {[%clk 0:18:01]} Bxe5 {[%clk 0:05:07]} 44.Qe7+ {[%clk 0:18:27]}
Kg6 {[%clk 0:05:11]} 45.Qxe5 {[%clk 0:18:37]} Bxf3+ {[%clk 0:05:36]}
46.Ke1 {[%clk 0:15:49]} axb3 {[%clk 0:05:57]} 47.axb3 {[%clk 0:16:08]}
fxg3 {[%clk 0:00:47]} 48.Qxg3+ {[%clk 0:15:03]} Kf7 {[%clk 0:01:05]}
49.Ne3 {[%clk 0:11:36]} Qf6 {[%clk 0:00:31]} 50.Qxh3 {[%clk 0:10:55]}
Be4 {[%clk 0:00:31]} 51.Qd7+ {[%clk 0:09:06]} Kf8 {[%clk 0:00:59]}
52.Qd2 {[%clk 0:09:11]} Ke8 {[%clk 0:00:32]} 53.Qxb4 {[%clk 0:07:22]}
Qh4+ {[%clk 0:00:47]} 54.Kd1 {[%clk 0:07:20]} Qxh2 {[%clk 0:00:31]}
55.Qb5+ {[%clk 0:06:53]} Kf8 {[%clk 0:00:33]} 56.Qc5+ {[%clk 0:07:12]}
Kf7 {[%clk 0:00:59]} 57.Qd4 {[%clk 0:07:28]} Qg1+ {[%clk 0:00:32]}
58.Kd2 {[%clk 0:07:47]} Qb1 {[%clk 0:00:35]} 59.Nd5 {[%clk 0:07:03]}
Qc2+ {[%clk 0:00:31]} 60.Ke3 {[%clk 0:07:22]} Qc1+ {[%clk 0:00:32]}
61.Kxe4 {[%clk 0:07:06]} Qh1+ {[%clk 0:00:56]} 62.Kf4 {[%clk 0:06:58]}
Qh4+ {[%clk 0:01:18]} 63.Ke3 {[%clk 0:07:18]} Qe1+ {[%clk 0:01:39]}
64.Kf3 {[%clk 0:07:36]} 1-0

[Event "Team men PL"]
[Site "Sochi"]
[Date "2020.11.28"]
[Round "9.28"]
[White "Chigaev, Maksim"]
[Black "Makarian, Rudik"]
[Result "1/2-1/2"]
[BlackElo "2441"]
[WhiteElo "2615"]
[LiveChessVersion "1.4.8"]

1.e4 {[%clk 1:30:54]} c5 {[%clk 1:30:29]} 2.Nf3 {[%clk 1:31:13]}
d6 {[%clk 1:30:08]} 3.d4 {[%clk 1:25:10]} cxd4 {[%clk 1:30:16]}
4.Nxd4 {[%clk 1:25:33]} Nf6 {[%clk 1:30:39]} 5.Nc3 {[%clk 1:25:56]}
a6 {[%clk 1:30:52]} 6.a4 {[%clk 1:25:36]} e6 {[%clk 1:25:36]}
7.a5 {[%clk 1:24:27]} Be7 {[%clk 1:24:29]} 8.Be2 {[%clk 1:24:24]}
O-O {[%clk 1:18:22]} 9.Be3 {[%clk 1:21:57]} Bd7 {[%clk 1:11:51]}
10.O-O {[%clk 1:21:49]} Bc6 {[%clk 1:12:19]} 11.Bd3 {[%clk 1:10:14]}
Nbd7 {[%clk 0:57:45]} 12.Nxc6 {[%clk 1:03:18]} bxc6 {[%clk 0:58:01]}
13.Qe2 {[%clk 1:02:17]} d5 {[%clk 0:44:52]} 14.Bxa6 {[%clk 0:53:05]}
Bb4 {[%clk 0:44:20]} 15.exd5 {[%clk 0:52:23]} cxd5 {[%clk 0:39:51]}
16.Qb5 {[%clk 0:47:50]} Rb8 {[%clk 0:27:17]} 17.Bb7 {[%clk 0:38:56]}
Bxc3 {[%clk 0:13:18]} 18.bxc3 {[%clk 0:39:23]} Qc7 {[%clk 0:13:42]}
19.a6 {[%clk 0:39:15]} Ng4 {[%clk 0:14:11]} 20.g3 {[%clk 0:38:49]}
Nxe3 {[%clk 0:14:35]} 21.fxe3 {[%clk 0:39:13]} Nc5 {[%clk 0:11:22]}
22.Rfb1 {[%clk 0:37:41]} Nxb7 {[%clk 0:11:49]} 23.a7 {[%clk 0:32:10]}
Ra8 {[%clk 0:12:07]} 24.Qxb7 {[%clk 0:32:27]} Qxc3 {[%clk 0:12:27]}
25.Qb3 {[%clk 0:26:08]} Qe5 {[%clk 0:09:53]} 26.Qb6 {[%clk 0:22:52]}
h5 {[%clk 0:08:47]} 27.Ra4 {[%clk 0:17:23]} Qc3 {[%clk 0:07:26]}
28.Qb3 {[%clk 0:14:56]} Qc5 {[%clk 0:07:35]} 29.Rba1 {[%clk 0:14:53]}
Rfc8 {[%clk 0:07:55]} 30.R1a2 {[%clk 0:14:53]} Kh7 {[%clk 0:05:35]}
31.Kf2 {[%clk 0:11:37]} Rc7 {[%clk 0:04:48]} 32.Qa3 {[%clk 0:11:40]}
Qc6 {[%clk 0:02:20]} 33.Ra6 {[%clk 0:10:52]} Qd7 {[%clk 0:02:18]}
34.Qd3+ {[%clk 0:07:35]} Kg8 {[%clk 0:02:38]} 35.Qd4 {[%clk 0:06:18]}
Qc8 {[%clk 0:02:28]} 36.Qb2 {[%clk 0:05:11]} Kh7 {[%clk 0:02:07]}
37.Qb1 {[%clk 0:05:00]} e5 {[%clk 0:01:23]} 38.Qd1 {[%clk 0:02:09]}
Qf5+ {[%clk 0:01:20]} 39.Kg1 {[%clk 0:02:37]} Qg5 {[%clk 0:00:36]}
40.Qf3 {[%clk 0:31:56]} Rd7 {[%clk 0:30:32]} 41.h4 {[%clk 0:13:43]}
Qg4 {[%clk 0:28:26]} 42.Kf2 {[%clk 0:12:36]} Qxf3+ {[%clk 0:24:25]}
43.Kxf3 {[%clk 0:12:57]} f6 {[%clk 0:24:50]} 44.c3 {[%clk 0:10:00]}
Kg6 {[%clk 0:16:27]} 45.e4 {[%clk 0:08:37]} d4 {[%clk 0:16:31]}
46.cxd4 {[%clk 0:07:55]} Rxd4 {[%clk 0:16:13]} 47.R2a3 {[%clk 0:07:49]}
Kf7 {[%clk 0:14:53]} 48.R6a4 {[%clk 0:06:47]} Rd7 {[%clk 0:14:35]}
49.g4 {[%clk 0:06:37]} g6 {[%clk 0:15:02]} 50.Ra6 {[%clk 0:06:14]}
Kg7 {[%clk 0:14:24]} 51.Kg3 {[%clk 0:05:57]} Rc7 {[%clk 0:11:15]}
52.Kh3 {[%clk 0:03:44]} Rf7 {[%clk 0:10:53]} 53.Ra2 {[%clk 0:03:10]}
Kh7 {[%clk 0:10:35]} 54.Ra1 {[%clk 0:03:08]} Kg7 {[%clk 0:10:46]}
55.Kg3 {[%clk 0:03:17]} Rd7 {[%clk 0:10:55]} 56.R1a3 {[%clk 0:02:51]}
Rc7 {[%clk 0:11:06]} 57.Kf3 {[%clk 0:01:56]} Rd7 {[%clk 0:09:35]}
58.gxh5 {[%clk 0:01:43]} gxh5 {[%clk 0:10:04]} 59.Ke2 {[%clk 0:02:06]}
Kg6 {[%clk 0:08:38]} 60.Rg3+ {[%clk 0:02:11]} Kh7 {[%clk 0:05:39]}
61.Rga3 {[%clk 0:01:55]} Kg6 {[%clk 0:05:37]} 62.Kf3 {[%clk 0:01:38]}
Kg7 {[%clk 0:05:15]} 63.Kf2 {[%clk 0:01:58]} Rf7 {[%clk 0:05:14]}
64.Ke1 {[%clk 0:02:11]} Rd7 {[%clk 0:05:38]} 65.Rg3+ {[%clk 0:02:27]}
Kh7 {[%clk 0:05:57]} 66.Rga3 {[%clk 0:02:00]} Kg7 {[%clk 0:06:16]}
67.Kf1 {[%clk 0:02:21]} Rf7 {[%clk 0:06:41]} 68.Kg2 {[%clk 0:02:23]}
Kg6 {[%clk 0:07:00]} 69.Kh3 {[%clk 0:02:10]} Kh7 {[%clk 0:07:21]}
70.Kh2 {[%clk 0:01:53]} Kg6 {[%clk 0:07:47]} 71.Kg2 {[%clk 0:02:15]}
Rd7 {[%clk 0:07:33]} 72.Rg3+ {[%clk 0:02:33]} Kf7 {[%clk 0:06:54]}
73.Rf3 {[%clk 0:02:57]} Rdxa7 {[%clk 0:05:14]} 74.Rfxf6+ {[%clk 0:02:29]}
Kg7 {[%clk 0:05:14]} 75.Rxa7+ {[%clk 0:02:01]} Rxa7 {[%clk 0:05:42]}
76.Rf5 {[%clk 0:02:23]} Ra2+ {[%clk 0:05:11]} 77.Kf3 {[%clk 0:02:47]}
Ra3+ {[%clk 0:05:15]} 78.Kf2 {[%clk 0:02:04]} Ra2+ {[%clk 0:05:04]}
79.Ke3 {[%clk 0:01:56]} Ra3+ {[%clk 0:05:27]} 80.Kd2 {[%clk 0:02:13]}
Kg6 {[%clk 0:05:20]} 81.Rg5+ {[%clk 0:01:20]} Kh6 {[%clk 0:05:47]}
82.Rxe5 {[%clk 0:01:41]} Rh3 {[%clk 0:06:15]} 83.Rf5 {[%clk 0:01:59]}
Rxh4 {[%clk 0:06:38]} 84.Ke3 {[%clk 0:02:26]} Rg4 {[%clk 0:06:05]}
85.Rf8 {[%clk 0:01:40]} Kg7 {[%clk 0:05:33]} 86.Rf1 {[%clk 0:02:03]}
h4 {[%clk 0:05:34]} 1/2-1/2

[Event "Team men PL"]
[Site "Sochi"]
[Date "2020.11.28"]
[Round "9.29"]
[White "Petrov, Nikita"]
[Black "Antipov, Mikhail Al."]
[Result "1/2-1/2"]
[BlackElo "2607"]
[WhiteElo "2577"]
[LiveChessVersion "1.4.8"]

1.e4 {[%clk 1:30:53]} e5 {[%clk 1:30:49]} 2.Nf3 {[%clk 1:31:02]}
Nc6 {[%clk 1:31:14]} 3.Bb5 {[%clk 1:31:11]} Nf6 {[%clk 1:31:38]}
4.d3 {[%clk 1:31:01]} Ne7 {[%clk 1:32:02]} 5.d4 {[%clk 1:30:07]}
Nxe4 {[%clk 1:31:38]} 6.dxe5 {[%clk 1:30:27]} a6 {[%clk 1:30:55]}
7.Bd3 {[%clk 1:27:20]} Nc5 {[%clk 1:30:27]} 8.O-O {[%clk 1:17:31]}
d5 {[%clk 1:26:55]} 9.exd6 {[%clk 1:17:54]} Qxd6 {[%clk 1:27:20]}
10.Bc4 {[%clk 1:04:08]} Qxd1 {[%clk 1:24:26]} 11.Rxd1 {[%clk 1:04:21]}
b5 {[%clk 1:16:53]} 12.Be2 {[%clk 0:54:01]} Bb7 {[%clk 1:14:59]}
13.b3 {[%clk 0:47:16]} f6 {[%clk 1:06:52]} 14.b4 {[%clk 0:42:44]}
Na4 {[%clk 1:00:03]} 15.c4 {[%clk 0:41:59]} Be4 {[%clk 0:46:54]}
16.Nbd2 {[%clk 0:37:50]} Bf5 {[%clk 0:39:11]} 17.Re1 {[%clk 0:34:27]}
Nc3 {[%clk 0:26:01]} 18.Bf1 {[%clk 0:29:30]} O-O-O {[%clk 0:26:25]}
19.a4 {[%clk 0:25:03]} Nxa4 {[%clk 0:20:18]} 20.cxb5 {[%clk 0:24:07]}
axb5 {[%clk 0:20:42]} 21.Bxb5 {[%clk 0:24:24]} Nb6 {[%clk 0:20:32]}
22.Nc4 {[%clk 0:18:53]} Ned5 {[%clk 0:17:53]} 23.Nxb6+ {[%clk 0:18:29]}
Nxb6 {[%clk 0:18:14]} 24.Be3 {[%clk 0:18:32]} Bd7 {[%clk 0:10:22]}
25.Bxd7+ {[%clk 0:11:42]} Kxd7 {[%clk 0:04:41]} 26.Red1+ {[%clk 0:08:22]}
Bd6 {[%clk 0:05:01]} 27.Bxb6 {[%clk 0:06:35]} cxb6 {[%clk 0:05:30]}
28.Ra7+ {[%clk 0:06:53]} Kc8 {[%clk 0:04:23]} 29.Nd4 {[%clk 0:02:18]}
Bxb4 {[%clk 0:04:09]} 30.Rc1+ {[%clk 0:02:39]} Bc5 {[%clk 0:04:36]}
31.Nc6 {[%clk 0:01:17]} Rd7 {[%clk 0:02:53]} 32.Ne7+ {[%clk 0:01:12]}
Kd8 {[%clk 0:03:18]} 33.Nc6+ {[%clk 0:01:38]} Kc8 {[%clk 0:03:44]}
34.Ra8+ {[%clk 0:01:40]} Kc7 {[%clk 0:04:09]} 35.Rxh8 {[%clk 0:02:05]}
Kxc6 {[%clk 0:04:35]} 36.Rxh7 {[%clk 0:02:01]} Kb5 {[%clk 0:01:25]}
37.Rb1+ {[%clk 0:02:24]} Kc4 {[%clk 0:01:43]} 38.Rc1+ {[%clk 0:02:44]}
Kb3 {[%clk 0:01:53]} 39.Rh3+ {[%clk 0:00:50]} Kb2 {[%clk 0:02:18]}
40.Re1 {[%clk 0:30:58]} Rd2 {[%clk 0:31:09]} 41.Rf3 {[%clk 0:30:04]}
b5 {[%clk 0:27:32]} 42.g3 {[%clk 0:13:32]} b4 {[%clk 0:23:59]}
43.Re8 {[%clk 0:13:26]} Rc2 {[%clk 0:18:17]} 44.Rg8 {[%clk 0:11:32]}
Rc3 {[%clk 0:12:57]} 45.Kg2 {[%clk 0:09:27]} b3 {[%clk 0:07:41]}
46.Rxg7 {[%clk 0:07:09]} Rxf3 {[%clk 0:04:31]} 47.Kxf3 {[%clk 0:07:35]}
Ka3 {[%clk 0:04:56]} 48.Rd7 {[%clk 0:04:59]} b2 {[%clk 0:04:38]}
49.Rd1 {[%clk 0:05:22]} f5 {[%clk 0:02:54]} 50.h4 {[%clk 0:03:46]}
Bf8 {[%clk 0:02:23]} 51.Ke2 {[%clk 0:00:43]} Ka2 {[%clk 0:02:16]}
52.Kd3 {[%clk 0:00:38]} b1Q+ {[%clk 0:02:39]} 53.Rxb1 {[%clk 0:01:07]}
Kxb1 {[%clk 0:03:01]} 54.Kd4 {[%clk 0:01:06]} Kc2 {[%clk 0:03:01]}
55.f3 {[%clk 0:00:39]} Kd2 {[%clk 0:01:45]} 56.Ke5 {[%clk 0:00:37]}
Ke3 {[%clk 0:01:59]} 57.Kxf5 {[%clk 0:00:37]} Kxf3 {[%clk 0:02:23]}
58.g4 {[%clk 0:01:05]} Kg3 {[%clk 0:02:39]} 59.h5 {[%clk 0:01:31]}
Kh4 {[%clk 0:02:59]} 60.Kg6 {[%clk 0:01:58]} Kxg4 {[%clk 0:03:19]} 1/2-1/2